Name The Country Using Ridiculous Clues - Statistics

General Stats
  • This quiz has been taken 112 times
  • The average score is 8 of 15
Answer Stats
Hint Answer % Correct
Big Russia
95%
Beer Germany
93%
Genghis Khan Mongolia
89%
Soccer Brazil
85%
Sunrise Japan
79%
Tea United Kingdom
76%
Lion King Kenya
59%
Nuke North Korea
55%
Sinking Maldives
36%
"Shells" Seychelles
32%
Tree Lebanon
31%
Thigh Thailand
22%
Toilet Paper Egypt
13%
Split In Half Panama
10%
Nut North Macedonia
4%
No matching quizzes found
Score Distribution
Percent of People with Each Score
Percentile by Number Answered
Your Score History
You have not taken this quiz